| 000 | 02202nam a2200553 c 4500 | ||
|---|---|---|---|
| 001 | 53113 | ||
| 003 | ES-MaCES | ||
| 005 | 20250203133003.0 | ||
| 008 | 240319s2023 sp 100 ||spa d | ||
| 017 |
_aMU 939-2023 _bDL |
||
| 020 | _a9788419145673 (o.c.) | ||
| 020 | _a9788419145680 (t. I) | ||
| 020 | _a9788419145673 (t. II) | ||
| 040 |
_aES-MaCES _bspa _cES-MaCES |
||
| 110 | 2 |
_aAsociación Española de Salud y Seguridad Social _bCongreso Nacional _n20ª _d2023 _cMadrid _940973 |
|
| 245 | 1 | 4 |
_aLas transformaciones de la Seguridad Social ante los retos de la era digital _b: por una salud y Seguridad Social digna e inclusiva _cVII Congreso Internacional y XX Congreso Nacional de la Asociación Española de Salud y Seguridad Social, [Madrid, 19 y 20 de octubre de 2023] ; [autores], Joan A. Alujas Ruiz ... [et al.] |
| 250 | _a1ª ed | ||
| 260 |
_aMurcia _bLaborum _c2023 |
||
| 300 |
_a2 v. (1283 p.) _c24 cm |
||
| 504 | _aBibliografía | ||
| 541 | _cCompra | ||
| 650 | 4 |
_aseguridad social _927034 |
|
| 650 | 4 |
_asalud _928680 |
|
| 650 | 4 |
_aasistencia médica _930272 |
|
| 650 | 4 |
_anuevas tecnologías _930788 |
|
| 650 | 4 |
_atelemática _929569 |
|
| 650 | 4 |
_amedio audiovisual _927479 |
|
| 650 | 4 |
_ainteligencia artificial _930166 |
|
| 650 | 4 |
_arobot industrial _929509 |
|
| 650 | 4 |
_aevaluación del impacto _930732 |
|
| 650 | 4 |
_aadministración de la seguridad social _930264 |
|
| 650 | 4 |
_areforma de la seguridad social _930668 |
|
| 650 | 4 |
_areforma sanitaria _930826 |
|
| 650 | 4 |
_arelaciones laborales _928369 |
|
| 650 | 4 |
_aseguridad en el trabajo _928348 |
|
| 650 | 4 |
_asalud en el trabajo _928347 |
|
| 650 | 4 |
_aEspaña _926964 |
|
| 650 | 4 |
_alegislación de seguridad social _929855 |
|
| 650 | 4 |
_acampo de aplicación _930263 |
|
| 650 | 4 |
_aderecho comunitario _929866 |
|
| 650 | 4 |
_aderecho comparado _929868 |
|
| 650 | 4 |
_aconferencia _927013 |
|
| 653 | 1 | 0 | _aSeguridad Social |
| 700 | 1 |
_96079 _aAlujas Ruiz, Joan Antoni |
|
| 710 | 2 | 2 |
_940974 _aAsociación Española de Salud y Seguridad Social _bCongreso Internacional _n7º _d2023 _cMadrid |
| 787 | 0 |
_tSeguridad Social para todas las personas _w(ES-MaCES)52234 |
|
| 902 | _aLIB Libro | ||
| 942 |
_2CES _cBK _h3.0. |
||
| 999 |
_c53113 _d53113 |
||